|
|
|
|
| LEADER |
02121nam a22005055i 4500 |
| 001 |
978-0-387-38604-1 |
| 003 |
DE-He213 |
| 005 |
20151204182738.0 |
| 007 |
cr nn 008mamaa |
| 008 |
100301s2006 xxu| s |||| 0|eng d |
| 020 |
|
|
|a 9780387386041
|9 978-0-387-38604-1
|
| 024 |
7 |
|
|a 10.1007/0-387-38604-1
|2 doi
|
| 040 |
|
|
|d GrThAP
|
| 050 |
|
4 |
|a QC6.4.C6
|
| 072 |
|
7 |
|a PHD
|2 bicssc
|
| 072 |
|
7 |
|a SCI041000
|2 bisacsh
|
| 082 |
0 |
4 |
|a 531
|2 23
|
| 100 |
1 |
|
|a Gorban, Alexander N.
|e author.
|
| 245 |
1 |
0 |
|a Thermodynamic Equilibria and Extrema
|h [electronic resource] :
|b Analysis of Attainability Regions and Partial Equilibria /
|c by Alexander N. Gorban, Sergey P. Filippov, Boris M. Kaganovich, Alexandre V. Keiko, Vitaly A. Shamansky, Igor A. Shirkalin.
|
| 264 |
|
1 |
|a New York, NY :
|b Springer New York,
|c 2006.
|
| 300 |
|
|
|a XIII, 282 p.
|b online resource.
|
| 336 |
|
|
|a text
|b txt
|2 rdacontent
|
| 337 |
|
|
|a computer
|b c
|2 rdamedia
|
| 338 |
|
|
|a online resource
|b cr
|2 rdacarrier
|
| 347 |
|
|
|a text file
|b PDF
|2 rda
|
| 505 |
0 |
|
|a Principles of Equilibrium and Extremality in Mechanics and Thermodynamics -- Extreme Thermodynamic Models in Terms of Mathematical Programming -- Thermodynamic Modeling on Graphs -- Methods and Algorithms of Searching for Thermodynamic Equilibria -- Application of Extreme Models.
|
| 650 |
|
0 |
|a Physics.
|
| 650 |
|
0 |
|a Continuum physics.
|
| 650 |
|
0 |
|a Statistical physics.
|
| 650 |
|
0 |
|a Dynamical systems.
|
| 650 |
1 |
4 |
|a Physics.
|
| 650 |
2 |
4 |
|a Classical Continuum Physics.
|
| 650 |
2 |
4 |
|a Statistical Physics, Dynamical Systems and Complexity.
|
| 650 |
2 |
4 |
|a Mathematical Methods in Physics.
|
| 700 |
1 |
|
|a Filippov, Sergey P.
|e author.
|
| 700 |
1 |
|
|a Kaganovich, Boris M.
|e author.
|
| 700 |
1 |
|
|a Keiko, Alexandre V.
|e author.
|
| 700 |
1 |
|
|a Shamansky, Vitaly A.
|e author.
|
| 700 |
1 |
|
|a Shirkalin, Igor A.
|e author.
|
| 710 |
2 |
|
|a SpringerLink (Online service)
|
| 773 |
0 |
|
|t Springer eBooks
|
| 776 |
0 |
8 |
|i Printed edition:
|z 9780387285757
|
| 856 |
4 |
0 |
|u http://dx.doi.org/10.1007/0-387-38604-1
|z Full Text via HEAL-Link
|
| 912 |
|
|
|a ZDB-2-PHA
|
| 950 |
|
|
|a Physics and Astronomy (Springer-11651)
|